Enhancing motivation as well as comprehension in the reading process of Nguyen Van Thoai high school students through pair work and group work : Major: Principles and methodilogy in english language education

Nghiên cứu nhằm kiểm chứng sự ảnh hưởng của "pair work and group work" đến động cơ học môn Đọc hiểu của học sinh, sự tương tác giữa động cơ môn đọc hiểu đến khả năng đọc hiểu của học sinh,......

ver descrição completa

Na minha lista:
Detalhes bibliográficos
Autor principal: Nguyễn, Thị Huyền Trân
Formato: Livro
Idioma:Undetermined
Publicado em: Cần Thơ Trường Đại học Cần Thơ 2008
Assuntos:
Tags: Adicionar Tag
Sem tags, seja o primeiro a adicionar uma tag!
Thư viện lưu trữ: Trung tâm Học liệu Trường Đại học Cần Thơ
LEADER 01209nam a2200229Ia 4500
001 CTU_139432
008 210402s9999 xx 000 0 und d
082 |a 420.7 
082 |b Tr121 
088 |a 60140111 
100 |a Nguyễn, Thị Huyền Trân 
245 0 |a Enhancing motivation as well as comprehension in the reading process of Nguyen Van Thoai high school students through pair work and group work : 
245 0 |b Major: Principles and methodilogy in english language education 
245 0 |c Nguyễn Thị Huyền Trân; Vương Lê Thiên Thanh 
260 |a Cần Thơ 
260 |b Trường Đại học Cần Thơ 
260 |c 2008 
520 |a Nghiên cứu nhằm kiểm chứng sự ảnh hưởng của "pair work and group work" đến động cơ học môn Đọc hiểu của học sinh, sự tương tác giữa động cơ môn đọc hiểu đến khả năng đọc hiểu của học sinh,... 
650 |a English language,Anh ngữ 
650 |x Study and teaching,Research,Dạy và học,Nghiên cứu giảng dạy 
904 |i Năm 
980 |a Trung tâm Học liệu Trường Đại học Cần Thơ